LEADER 00798nam a2200193 i 4500 001 000000226441 003 CaOOAMICUS 005 20140123000000.0 008 140123s1932 it u000 u ita u 013 $a205343 040 $aSeMil$bita 245 13$aLa cosmologia della Bibbia e la sua trasmissione fino a Dante. 300 $a132 p., [5] p. di tav. 650 4$aBibbia - Cosmologia.$0(OLS)http://semarc/subject/8171 700 1 $aRicciotti, Giuseppe,$d<1890-1964>.$0(OLS)http://semarc/name/10747 773 0 $tApocalisse di Paolo Siriaca.$dBrescia : Morcelliana, 1932.$g2$w()29352 850 $aSeMil 852 $aSeMil$W1$xVenegono$y1$m2W IV 98$j176787$B176787$CSeMilBibl$Z2$F187706 $81 996 $6245$aLa cosmologia della Bibbia e la sua trasmissione fino a Dante$9(OLS)http://semarc/title/128763 LEADER 01487nam a2200217 i 4500 001 000000204556 003 CaOOAMICUS 005 20110801000000.0 008 110801s1763 it u000 u ita u 013 $a183283 026 $an'l- a-el toei risc (3) 1763 (R) 040 $aSeMil$bita 245 10$aVolume primo. Colla vita dell'autore scritta dal signor Anton Federigo Seghezzi, e da lui riveduta e ampliata. 300 $aXVIII, CXXVI, 334, [2] p., [1] carta di tav. :$bantip. calcogr. 500 $aL'ultima c. è bianca. - Segn. : *8 a-h8 A-X8. 500 $aMarca editoriale: Scavatore di anticaglie. Motto: Quidquid sub terra est in apricum proferet aetas. - Riferimenti : Annali della Tipografia Volpi-cominiana ... p. 145-146. - Marca n.c. 700 1 $aSeghezzi, Anton Federico,$d<1706-1743>.$0(OLS)http://semarc/name/1244 773 0 $aCaro, Annibale <1507-1566>$tDelle lettere familiari del commendatore Annibal Caro corrette e illustrate come puo vedersi nella prefazione a' lettori, volume primo [-terzo].$bImpressione quinta accresciuta, e distribuita in tre volumi; in cui s'è aggiunta la divisione delle lettere del Caro, e di Bernardo Tasso ...$dIn Padova : Appresso Giuseppe Comino, 1763.$g1$w()5988 850 $aSeMil 852 $aSeMil$W1$xVenegono$y1$m1H VI 20 FA$j155050$B155050$CSeMilBibl$Z2$F165978 $8I 996 $6245$aVolume primo. Colla vita dell'autore scritta dal signor Anton Federigo Seghezzi, e da lui riveduta e ampliata$9(OLS)http://semarc/title/296373